Una visita al paraíso : (Registro nro. 2742)
[ vista simple ]
| 000 -Cabecera (24) | |
|---|---|
| Campo de control interno | 00723nam a2200193Ia 4500 |
| 005 - Fecha y hora de la | |
| Campo de control | 20250530161403.0 |
| 008 - Códigos de longitud fija (40p) | |
| Campo de control de longitud fija | 210122b ###||||| |||| 00| 0 spa d |
| 040 ## - Origen de la Catalogacion | |
| Origen de la Catalogacion | BIBLIOTECA MUNICIPAL DE BARRANCO |
| Transcribing agency | BIBLIOTECA MUNICIPAL DE BARRANCO |
| 043 ## - Pais ISO | |
| País ISO | Pe. |
| 082 ## - Número de la Clasificación | |
| Número de la Clasificación | 869.56 |
| Número de documento/Ítem | T35U 1990. |
| 100 ## - Autor Personal | |
| Autor Personal | Telleria Solari Maria |
| 245 #0 - Titulo | |
| Titulo | Una visita al paraíso : |
| Subtitulo | crónicas del Halley / |
| Mencion del autor | ilustración de la autora María Tellería Solari. |
| 260 ## - Pie de imprenta | |
| Ciudad | Lima : |
| Editorial | CONCYTEC, |
| Año | 1990. |
| 300 ## - Descripcion | |
| Páginas | 62 p. : |
| Otros detalles físicos | il. ; |
| Dimensiones | 20 cm. |
| 650 #0 - Temas - Descriptores | |
| 9 (RLIN) | 7465 |
| Temas - Descriptores | Cuentos peruanos-Siglo XX. |
| 710 ## - Autor Corporativo | |
| 9 (RLIN) | 939 |
| Nombre de entidad corporativa o nombre de jurisdicción como elemento inicial (NR | Consejo Nacional de Ciencia y Tecnología (Perú) |
| 942 ## - Datos personalizados Koha | |
| Tipo de Documento | Libros |
| Esquema de Clasificacion | Dewey Decimal Classification |
| Catalogador | AAOH |
| Fecha procesamiento | 2025-05-30 |
| Fuente de Clasificacion | Deterioro (estado) | Ubicacion permanente | Ubicacion actual | Fecha de Ingreso a la Biblioteca | Numero inventario | Prestamos | Signatura Topográfica | Código de barras | Ultima fecha de verificacion | Tipo de Item | Ubicación en edificio | Precio dolares |
|---|---|---|---|---|---|---|---|---|---|---|---|---|
| Dewey Decimal Classification | Biblioteca Municipal Manuel Beingolea | Biblioteca Municipal Manuel Beingolea | 01/08/2020 | 002796 | 869.56 T35U 1990 | 002796 | 09/09/2022 | Libros | Estantería cerrada |





